书目信息 |
| 题名: |
德育的自我超越与现代追寻
|
|
| 作者: | 程德慧 著 | |
| 分册: | ||
| 出版信息: | 杭州 浙江大学出版社 2015 |
|
| 页数: | 287页 | |
| 开本: | 21cm | |
| 丛书名: | ||
| 单 册: | ||
| 中图分类: | G416 | |
| 科图分类: | ||
| 主题词: | 学校教育--xue jiao jiao yu--公民教育--研究--中国 | |
| 电子资源: | ||
| ISBN: | 978-7-308-13613-6 | |
| 000 | 01209nam0 22002531 450 | |
| 001 | 1759780004 | |
| 005 | 20170603153347.0 | |
| 010 | @a978-7-308-13613-6@dCNY38.00 | |
| 100 | @a20150611d2015 kemy0chiy50 ea | |
| 101 | 0 | @achi |
| 102 | @aCN@b330000 | |
| 105 | @ay v 001yy | |
| 106 | @ar | |
| 200 | 1 | @a德育的自我超越与现代追寻@Ade yu de zi wo chao yue yu xian dai zhui xin@dSelf-transcendence and modern pursuit of moral education@e学校公民意识教育的理论与实践@f程德慧著@zeng |
| 210 | @a杭州@c浙江大学出版社@d2015 | |
| 215 | @a287页@d21cm | |
| 330 | @a本书以学校公民意识教育为研究主题,从理论上探讨了学校公民意识教育与思想政治教育的关系,从理论与实践的结合上探讨了学校公民意识教育的意义、可能性以及我国学校公民意识教育的实施路径。通过研究,推动了思想政治教育的创新发展,推动了我国学校公民意识教育从理论走向实践。 | |
| 510 | 1 | @aSelf-transcendence and modern pursuit of moral education@zeng |
| 517 | 1 | @a学校公民意识教育的理论与实践@Axue jiao gong min yi shi jiao yu de li lun yu shi jian |
| 606 | 0 | @a学校教育@Axue jiao jiao yu@x公民教育@x研究@y中国 |
| 690 | @aG416@v5 | |
| 701 | 0 | @a程德慧@Acheng de hui@c(女,@f1969~)@4著 |
| 801 | 0 | @aCN@bTANGWEI@c20170518 |
| 905 | @b1007550-5@dG416@e54@f6 | |
| 德育的自我超越与现代追寻=Self-transcendence and modern pursuit of moral education:学校公民意识教育的理论与实践/程德慧著.-杭州:浙江大学出版社,2015 |
| 287页;21cm |
| ISBN 978-7-308-13613-6:CNY38.00 |
| 本书以学校公民意识教育为研究主题,从理论上探讨了学校公民意识教育与思想政治教育的关系,从理论与实践的结合上探讨了学校公民意识教育的意义、可能性以及我国学校公民意识教育的实施路径。通过研究,推动了思想政治教育的创新发展,推动了我国学校公民意识教育从理论走向实践。 |
| ● |
| 相关链接 |
|
|
|
|
正题名:德育的自我超越与现代追寻
索取号:G416/54
 
预约/预借
| 序号 | 登录号 | 条形码 | 馆藏地/架位号 | 状态 | 备注 |
| 1 | 1007550 | 210075504 | 第一样本阅览室/ [索取号:G416/54] | 在馆 | |
| 2 | 1007551 | 210075513 | 教育系资料室/ [索取号:G416/54] | 在馆 | |
| 3 | 1007552 | 210075522 | 教育系资料室/ [索取号:G416/54] | 在馆 | |
| 4 | 1007553 | 210075531 | 教育系资料室/ [索取号:G416/54] | 在馆 | |
| 5 | 1007554 | 210075540 | 第四借阅区/ [索取号:G416/54] | 在馆 | |
| 6 | 1007555 | 210075559 | 第四借阅区/ [索取号:G416/54] | 在馆 |